000
00282nam a2200133Ia 4500
100
_a
Kapadia/Rajiv
942
_c
BK
654
_a
8051
245
_a
8051 Microcontroller and embedded system
260
_b
Jaico
_c
2004
082
_a
4.165
_b
KAP
300
_a
239
546
_a
ENGLISH
999
_c
18300
_d
18300